Essentials of organizational behavior
Essentials of Organizational Behavior, Sixth Edition provides a reality-based review of organizational behavior in an abbreviated format. Stephen P. Robbins integrates timely topics throughout the book, such as diversity, globalization, and ethics
Shranjeno v:
| Glavni avtor: | |
|---|---|
| Format: | Knjiga |
| Jezik: | Undetermined |
| Izdano: |
Upper Saddle River, N.J.
Prentice Hall
2000
|
| Teme: | |
| Oznake: |
Označite
Brez oznak, prvi označite!
|
| Thư viện lưu trữ: | Trung tâm Học liệu Trường Đại học Cần Thơ |
|---|
| LEADER | 00819nam a2200205Ia 4500 | ||
|---|---|---|---|
| 001 | CTU_186802 | ||
| 008 | 210402s9999 xx 000 0 und d | ||
| 020 | |c 8.98 | ||
| 082 | |a 658.3 | ||
| 082 | |b R636 | ||
| 100 | |a Robbins, Stephen P. | ||
| 245 | 0 | |a Essentials of organizational behavior | |
| 245 | 0 | |c Stephen P. Robbins | |
| 260 | |a Upper Saddle River, N.J. | ||
| 260 | |b Prentice Hall | ||
| 260 | |c 2000 | ||
| 520 | |a Essentials of Organizational Behavior, Sixth Edition provides a reality-based review of organizational behavior in an abbreviated format. Stephen P. Robbins integrates timely topics throughout the book, such as diversity, globalization, and ethics | ||
| 650 | |a Organizational behavior,Hành vi tổ chức | ||
| 904 | |i Trúc | ||
| 980 | |a Trung tâm Học liệu Trường Đại học Cần Thơ | ||